| 000 | 01188nam a22001815i 4500 | ||
|---|---|---|---|
| 999 |
_c14377 _d14377 |
||
| 003 | OSt | ||
| 005 | 20260214155020.0 | ||
| 008 | 230420s2024 mau 000 0 eng | ||
| 020 |
_a9783035627930 _q(hardcover) |
||
| 042 | _apcc | ||
| 100 | 1 |
_aWeller, Richard, _eauthor. |
|
| 245 | 1 | 0 |
_aTo the ends of the earth : _ba grand tour for the 21st century / _cRichard Weller. |
| 250 | _a1. | ||
| 263 | _a2402 | ||
| 300 | _apages cm | ||
| 520 | _a"To the Ends of the Earth: A Grand Tour for the 21st Century is a richly illustrated guidebook offering an intellectual adventure like no other. A Baedeker for the 21st century, it takes the reader on a journey through a carefully curated selection of 120 places that speak to the human condition and symbolize the current state of our world. The 120 places are organized into six chapters: Paradises, Utopias, Machines, Monsters, Ruins, and Instruments. These are prefaced by a short introductory essay and a series of so-called "hyperobjects"; that is, drawings and narratives of big, overarching concepts such as "the universe," "the economy," and "the environment," which serve to provide context for the tour's destinations"-- | ||
| 942 | _2ddc | ||